| 000 | 01102cam a2200289 i 4500 | ||
|---|---|---|---|
| 999 |
_c529365 _d529365 |
||
| 001 | 849736 | ||
| 003 | NUST | ||
| 005 | 20190924154334.0 | ||
| 008 | 790516s1978 dcua b f000 0 eng | ||
| 010 | _a 78065955 | ||
| 020 |
_a0309028590 : _c$5.60 |
||
| 038 | _aMSOHAIL | ||
| 040 |
_aDLC _cDLC _dDLC |
||
| 050 | 0 | 0 |
_aTE270 _b.N37 1978a |
| 082 | 0 | 0 | _a625.8 |
| 110 | 2 |
_aNational Research Council (U.S.). _bTransportation Research Board. _919676 |
|
| 245 | 1 | 0 | _aRecycling materials for highways. |
| 260 |
_aWashington : _bTransportation Research Board, National Research Council, _c1978. |
||
| 300 |
_a53 p. : _bill. ; _c28 cm. |
||
| 440 | 0 |
_aSynthesis of highway practice ; _v54 _x0547-5570 _921296 |
|
| 500 | _a"Research sponsored by the American Association of State Highway and Transportation Officials in cooperation with the Federal Highway Administration." | ||
| 504 | _aIncludes bibliographical references. | ||
| 650 | 0 |
_aPavements, Bituminous _xRecycling. _921297 |
|
| 650 | 0 |
_aRoad materials _xRecycling. _921298 |
|
| 906 |
_a7 _bcbc _corignew _d2 _eopcn _f19 _gy-gencatlg |
||
| 942 |
_2ddc _cBK |
||